DIAGNOSTIC SURGICAL PATHOLOGY VOL.I & VOL.II (Record no. 706987)

MARC details
000 -LEADER
fixed length control field 00402nam a2200157Ia 4500
008 - FIXED-LENGTH DATA ELEMENTS--GENERAL INFORMATION
fixed length control field 230721s2015 xx 000 0 und d
020 ## - INTERNATIONAL STANDARD BOOK NUMBER
International Standard Book Number 9781451188752
041 ## - LANGUAGE CODE
Language code of text/sound track or separate title eng
082 ## - DEWEY DECIMAL CLASSIFICATION NUMBER
Classification number 617.077,MIL
100 ## - MAIN ENTRY--PERSONAL NAME
Personal name MILLS,STACEY.
245 ## - TITLE STATEMENT
Title DIAGNOSTIC SURGICAL PATHOLOGY VOL.I & VOL.II
250 ## - EDITION STATEMENT
Edition statement 6TH
260 ## - PUBLICATION, DISTRIBUTION, ETC.
Name of publisher, distributor, etc. MUMBAIWOLTERS KLUWER
Date of publication, distribution, etc. 2015
300 ## - PHYSICAL DESCRIPTION
Extent 1374-2703
650 ## - SUBJECT ADDED ENTRY--TOPICAL TERM
Topical term or geographic name entry element Oral Pathology
Holdings
Withdrawn status Lost status Damaged status Not for loan Home library Current library Date acquired Source of acquisition Total Checkouts Full call number Barcode Date due Date last seen Date last checked out Price effective from Koha item type Cost, normal purchase price
        Dental College & Hospital, Sangli Dental College & Hospital, Sangli 23/02/2018 BHARATI SAHAKARI GRAHAK BHANDER PUNE 2 617.077,MIL DCS-BVDS-4816 01/05/2029 09/11/2023 09/11/2023 21/07/2023 Book  
        Dental College & Hospital, Sangli Dental College & Hospital, Sangli 23/02/2018 BHARATI SAHAKARI GRAHAK BHANDER PUNE 2 617.077,MIL DCS-BVDS-4815 01/05/2029 09/11/2023 09/11/2023 21/07/2023 Book 33249.34